000 00574nam a2200181 4500
005 20241017062519.0
008 160917b xxu||||| |||| 00| 0 eng d
020 _a9-97151419-2
082 _22002
_aDC 519.4
_bEp7i
100 _914761
_aEpperson, James F.
245 _aAn introduction to numerical methods and analysis/ .
_cJames F. Epperson.
260 _aNew York:
_bJohn Wiley & Sons,
_cc2002.
300 _axv, 556 pages:
_billustrations;
_c24 cm.
500 _aIncludes index.
650 0 _aNumerical analysis.
_914764
365 _b395.00
_cPhp
942 _2ddc
_cDC
999 _c4619
_d4619